| 000 | 00699nam a2200241Ia 4500 | ||
|---|---|---|---|
| 003 | OSt | ||
| 005 | 20221005121352.0 | ||
| 006 | a|||||r|||| 00| 0 | ||
| 007 | ta | ||
| 008 | 221004b |||||||| |||| 00| 0 san d | ||
| 024 | _a43736 | ||
| 037 | _cTextual | ||
| 040 |
_aCRL _cCRL _bsan |
||
| 041 |
_2san _asan |
||
| 082 | _aO15:1F69:1, E3 close sec | ||
| 100 |
_aVedantacharya _9630491 |
||
| 245 | 0 | _aHamsasandesa with comm of Srikrishna Brahmatantra and notes by Kasturi Rangacharya | |
| 260 | _c1913 | ||
| 650 | _a ENGLISH LITERATURE | ||
| 650 | _aSANSKRIT LITERATURE | ||
| 942 |
_hO15:1F69:1, E3 close sec _cTEXL _2cc |
||
| 999 |
_c1040937 _d1040937 |
||